000 00397nam a22001457a 4500
020 _a978-1-199-56117-0
082 _a332
100 _aMelicher, Ronald W.
245 _aIntroduction to Finance:
_bMarkets,Investiments and Financial Management
250 _a17th
260 _aHoboken:
_bJohn Wiley & Sons,
_c2020
300 _axxix, 613p.: ill.; 28cm
700 _aNorton, Edgar A.
942 _cBK
999 _c22125
_d22125